Nghiên cứu điều chế xúc tác Pd và Pt mang trên chất mang HZSM5 và y - Al2O3 cho phản ứng Isomer hóa n - Hexane : Luận văn thạc sĩ chuyên ngành hóa lý thuyết và hóa lý
Điều chế xúc tác Pd/HZSM5, Pd/HZSM5: Al2O3, Pt/HZSM5 bằng phương pháp tẩm ướt, khảo sát ảnh hưởng của nhiệt độ nung chất, so sánh các xúc tác tối ưu
Sparad:
| Huvudupphovsman: | |
|---|---|
| Materialtyp: | Bok |
| Språk: | Undetermined |
| Publicerad: |
Cần Thơ
Trường Đại học Cần Thơ
2012
|
| Ämnen: | |
| Taggar: |
Lägg till en tagg
Inga taggar, Lägg till första taggen!
|
| Thư viện lưu trữ: | Trung tâm Học liệu Trường Đại học Cần Thơ |
|---|
| LEADER | 01107nam a2200217Ia 4500 | ||
|---|---|---|---|
| 001 | CTU_175159 | ||
| 008 | 210402s9999 xx 000 0 und d | ||
| 082 | |a 541.395 | ||
| 082 | |b Th502 | ||
| 088 | |a 60440119 | ||
| 100 | |a Phạm, Như Thuận | ||
| 245 | 0 | |a Nghiên cứu điều chế xúc tác Pd và Pt mang trên chất mang HZSM5 và y - Al2O3 cho phản ứng Isomer hóa n - Hexane : | |
| 245 | 0 | |b Luận văn thạc sĩ chuyên ngành hóa lý thuyết và hóa lý | |
| 245 | 0 | |c Phạm Như Thuận ; Lưu Cẩm Lộc (Hướng dẫn khoa học) | |
| 260 | |a Cần Thơ | ||
| 260 | |b Trường Đại học Cần Thơ | ||
| 260 | |c 2012 | ||
| 520 | |a Điều chế xúc tác Pd/HZSM5, Pd/HZSM5: Al2O3, Pt/HZSM5 bằng phương pháp tẩm ướt, khảo sát ảnh hưởng của nhiệt độ nung chất, so sánh các xúc tác tối ưu | ||
| 650 | |a Chemistry, Physical and theoretical,Lý thuyết hóa lý | ||
| 904 | |i mai,Hải | ||
| 980 | |a Trung tâm Học liệu Trường Đại học Cần Thơ | ||